MARC

LEADER 00000cam a22000002c 4500
001 1773354469
003 DE-627
005 20251226195252.0
007 cr uuu---uuuuu
008 211012s2002 xxk|||||o 00| ||eng c
020 |a 1526158612  |c electronic bk.  |9 1-5261-5861-2 
020 |a 9781526158611  |c electronic bk.  |9 978-1-5261-5861-1 
020 |a 1526158604  |c electronic bk.  |9 1-5261-5860-4 
020 |a 9781526158604  |c electronic bk.  |9 978-1-5261-5860-4 
035 |a (DE-627)1773354469 
035 |a (DE-599)KEP068777353 
035 |a (OCoLC)1416284183 
035 |a (MiAaJST)j.ctv1fqvkxk 
035 |a (DE-627-1)068777353 
040 |a DE-627  |b ger  |c DE-627  |e rakwb 
041 |a eng 
044 |c XA-GB 
050 0 |a RC178.A43 
060 0 |a 2002 C-267 
060 0 |a WA 11 GS9 
082 0 |a 614.4/94947/09031 
084 |a 1  |2 ssgn 
084 |a LC 41150  |2 rvk  |0 (DE-625)rvk/90651:819 
084 |a 44.75  |2 bcl 
084 |a 44.75  |2 bkl 
084 |a 15.34  |2 bkl 
084 |a 44.75  |2 bkl 
100 1 |e VerfasserIn  |0 (DE-588)124762646  |0 (DE-627)365928348  |0 (DE-576)294488286  |4 aut  |a Naphy, William G.  |d 1960- 
109 |a Naphy, William G. 1960-  |a Naphy, W. G. 1960-  |a Naphy, William 1960- 
245 1 0 |a Plagues, poisons and potions  |b plague-spreading conspiracies in the Western Alps, c. 1530 - 1640  |c William G. Naphy 
264 1 |a Manchester  |a New York  |b Manchester University Press  |c 2002 
264 1 |a New York  |b Distributed exclusively in the USA by Palgrave  |c 2002 
300 |a 1 Online-Ressource (xi, 242 pages)  |b maps 
336 |a Text  |b txt  |2 rdacontent 
337 |a Computermedien  |b c  |2 rdamedia 
338 |a Online-Ressource  |b cr  |2 rdacarrier 
490 0 |a Social and cultural values in early modern Europe 
500 |a Includes bibliographical references and index 
506 |f Restrictions unspecified  |2 star 
530 |a Electronic reproduction 
533 |a Reproduktion  |b [S.l.]  |c HathiTrust Digital Library  |d 2010  |n Electronic reproduction  |7 |2010|||||||||| 
538 |a Master and use copy. Digital master created according to Benchmark for Faithful Digital Reproductions of Monographs and Serials, Version 1. Digital Library Federation, December 2002. 
601 |a Western 
648 4 |a 1500-1699 
650 0 |a Plague  |z Alps, Western  |x History  |y 16th century 
650 0 |a Plague  |z Alps, Western  |x History  |y 17th century 
650 0 |a Medicine  |x History  |y 17th century 
650 2 |a Disease Outbreaks  |x history 
650 2 |a History, 16th Century 
650 2 |a History, 17th Century 
650 2 |a Plague  |x epidemiology 
650 2 |a Witchcraft  |x history 
650 4 |a Plague 
650 4 |a Pest (ziekte) 
650 4 |a Verspreiding 
650 4 |a History 
650 4 |a Medicine 
650 4 |a Peste - Alpes occidentales - Histoire - 16e siècle 
650 4 |a Peste - Alpes occidentales - Histoire - 17e siècle 
650 4 |a Médecine - Histoire - 16e siècle 
650 4 |a Médecine - Histoire - 17e siècle 
651 2 |a Switzerland 
651 4 |a Western Alps 
655 0 |a Electronic books 
689 0 0 |d g  |0 (DE-588)4079204-3  |0 (DE-627)10469694X  |0 (DE-576)209211407  |2 gnd  |a Westalpen 
689 0 1 |d s  |0 (DE-588)4045326-1  |0 (DE-627)106202162  |0 (DE-576)209064730  |2 gnd  |a Pest 
689 0 2 |q z  |2 gnd  |a Geschichte 1530-1640 
689 0 |5 (DE-627) 
689 1 0 |d p  |0 (DE-588)118539507  |0 (DE-627)079338933  |0 (DE-576)161119867  |2 gnd  |a Girard, René  |d 1923-2015 
689 1 |5 (DE-627) 
776 1 |z 0719046408  |c (hbk.) 
776 1 |z 9780719046407  |c (hbk.) 
776 1 |z 0719046416  |c (pbk.) 
776 1 |z 9780719046414  |c (pbk.) 
776 0 8 |i Erscheint auch als  |n Druck-Ausgabe  |a Naphy, William G., 1960 -   |t Plagues, poisons and potions  |b 1. publ.  |d Manchester [u.a.] : Manchester University Press, 2002  |h XI, 242 S  |w (DE-627)335962742  |w (DE-576)096291648  |z 0719046408  |z 0719046416  |k Non-Electronic 
856 4 0 |u https://www.jstor.org/stable/10.2307/j.ctv1fqvkxk  |m X:JSTOR  |x Verlag  |z lizenzpflichtig  |7 1 
856 4 2 |u http://purl.oclc.org/DLF/benchrepro0212  |7 1 
912 |a ZDB-39-JBK 
912 |a EBS-39-JBK 
935 |a GIRA 
936 r v |a LC 41150  |b Schweiz  |k Sozial- und Kulturanthropologie. Empirische Kulturwissenschaft  |k Religionsethnologie  |k Magisch-religiöse Spezialistinnen und Spezialisten  |k Europa  |k Mitteleuropa  |k Alpenregion  |k Schweiz  |0 (DE-627)127158235X  |0 (DE-625)rvk/90651:819  |0 (DE-576)20158235X 
936 b k |a 44.75 
936 b k |a 15.34  |j Europäische Geschichte 1492-1789  |q SEPA  |0 (DE-627)181569574 
936 b k |a 44.75  |j Infektionskrankheiten  |j parasitäre Krankheiten  |x Medizin  |q SEPA  |0 (DE-627)106415948 
951 |a BO 
ELC |a 1 
LOK |0 000 xxxxxcx a22 zn 4500 
LOK |0 001 4602956580 
LOK |0 003 DE-627 
LOK |0 004 1773354469 
LOK |0 005 20241030190140 
LOK |0 008 241028||||||||||||||||ger||||||| 
LOK |0 040   |a DE-Tue135-1  |c DE-627  |d DE-Tue135-1 
LOK |0 852   |a DE-Tue135-1 
LOK |0 852 1  |m p  |9 00 
LOK |0 866   |x Bibliography 50 
LOK |0 935   |a inmo 
LOK |0 938   |k p 
LOK |0 939   |a 28-10-24  |b l01 
ORI |a SA-MARC-ixtheoa001.raw 
REL |a 1 
STA 0 0 |a Plague,Plague,Pest,Pestilence 
STB 0 0 |a Peste,Peste 
STC 0 0 |a Peste,Peste 
STD 0 0 |a Peste,Peste 
STE 0 0 |a 鼠疫,鼠疫,黑死病,瘟疫,黑死病,瘟疫 
STF 0 0 |a 鼠疫,鼠疫,黑死病,瘟疫,黑死病,瘟疫 
STG 0 0 |a Peste,Peste 
STH 0 0 |a Чума (мотив),Чума 
STI 0 0 |a Πανώλη <μοτίβο>,Πανώλη,Πανούκλα,Πανούκλα (μοτίβο) 
SUB |a REL 
SYG 0 0 |a Alpen,West , Pestis,Schwarzer Tod , Königliche Freistadt Pest,Freistadt Pest,Pesth,Pest , Girard, René Noël Théophile,1923-2015,Žurar, Rene,1923-2015 
TIM |a 100015300101_100016401231  |b Geschichte 1530-1640